00569cam a22002051 4500001001300000003000400013005001700017008004100034010001700075035002000092040001800112042001200130050001600142100002000158245002800178260004400206300006000250600003800310999001500348af 47002721 DLC20260227110815.0850424s1945 be ab 000 0 dut  aaf 47002721  a(OCoLC)11958446 aDLCcCoDdDLC apremarc00aF591b.S6361 aLeysen, Achiel.13aDe stoute globetrotter. aRoeselare,bHernieuwen-utigavenc[1945] a201, [1] p., 1 leaf.bfront. (fold. map) illus.c21 cm.10aSmet, Pierre-Jean de,d1801-1873. c1848d1848